Wird geladen...

Kohii suruhath /

Bibliographische Detailangaben
1. Verfasser: Gangaprasad Vimal
Format: Printed Book
Sprache:Hindi
Veröffentlicht: Rajkamal , 1973.
Schlagworte:
LEADER 00486nam a2200157Ia 4500
008 150624b xxu||||| |||| 00| 1 hin d
082 |a 863.714V1 
100 |a Gangaprasad Vimal 
245 |c Gangaprasad Vimal  |a Kohii suruhath / 
260 |b Rajkamal ,  |c 1973. 
300 |a 207 p. 
546 |a In Hindi. 
650 |v Fiction 
942 |c BK 
999 |c 88691  |d 88691 
952 |0 1  |1 0  |2 ddc  |4 1  |6 863_000000000000000_714V1_KOI_H  |7 0  |9 88635  |a UL  |b UL  |c ST2  |d 1998-09-15  |l 0  |o 863.714V1 KOI H  |p 21193  |r 2012-10-27  |y BK